Bases éco - Statistiques

Statistiques générales
  • Ce quiz a été pris 4 fois
  • Le résultat moyen est 16 sur 25
Statistiques - réponses
Hint Réponse % Correct
Métaphore du concours de beauté Keynes 1936
100%
Anticipations Keynes 1936
100%
Esprits animaux Keynes 1936
100%
Théorème de Coase Coase 1960
100%
Théorème d'impossibilité Arrow 1951
75%
Vote avec les pieds Thiebout 1956
75%
Anticipations Cagan 1956
75%
Anticipations Friedman 1957
75%
Efficience des marchés financiers Fama 1970
75%
Théorie de la justice Rawls 1970
75%
Théorie de la capture Stigler 1970
75%
Typologie des anticipations Johansen 1970
75%
Marché Biface Tirole 2003
75%
Cygne noir Taleb 2010
75%
Sophisme de la vitre cassée Bastiat 1850
50%
Paradoxe de Tocqueville Tocqueville 1850
50%
Trois fonctions de l'État Musgrave 1959
50%
Paradoxe de l'action collective Oslon 1965
50%
Paradoxe de Grossmann-Stiglitz Grossmann et Stiglitz 1980
50%
Anticipations Azariadis 1981
50%
Effet de réseau - 0
25%
Effet Mohring - 0
25%
Préférences à la Lancaster Lancaster 1966
25%
Tragédie des communs Hardin 1968
25%
Paradoxe de Lucas Lucas 1990
25%
Aucun quiz correspondant
Distribution des résultats
% des personnes avec chaque résultat
Percentile par nombre de réponses
Votre historique - résultats
Vous n’avez pas pris ce quiz